000 00662nam a2200241Ia 4500
003 OSt
005 20220926014411.0
006 a|||||r|||| 00| 0
007 ta
008 220923b |||||||| |||| 00| 0 eng d
037 _cGeneral Book
040 _aRTL
_cRTL
_beng
041 _2eng
_aeng
082 _aX:89K33, L3
100 _aHirsch Werner Z
_9320594
245 0 _aUrban economic analysis
260 _aNew York
_bMcGraw Hill USA
_c1973
300 _axviii, 450p.
_ccm.
490 _aEconomics handbook series
650 _aRegional Economics
942 _hX:89K33, L3
_cGB
_2CC
999 _c628972
_d628972